000 00690nam a2200217Ia 4500
003 GCL
008 140319s9999 xx 000 0 ara d
040 _aGCL /
_cGCL
082 0 4 _a327.2
_bن ط
100 1 _aنبيل السمان
245 1 0 _aطريق السلام الاسرائيلى /
_cنبيل السمان
700 1 _aنبيل السمالوطى
300 _a380 ص
490 _aالهيئة العامة للاستعلامات
_v0
650 0 4 _aالاحوال السياسية
650 0 4 _aالنزاع العربى الاسرائيلى
650 0 4 _aاسرائيل
650 0 4 _aالقضية الفلسطينية
650 0 4 _aالمفاوضات
942 _2ddc
_cBK
999 _c49138
_d49138